[Event "Sparkassen-Open A"]
[Site "Heusenstamm, Martinsee"]
[Date "2018.11.24"]
[Round "5.117"]
[White "Merges, Harald"]
[Black "Jordake, Michael"]
[Result "1/2-1/2"]
[WhiteElo "1790"]
[BlackElo "1790"]
[PlyCount "77"]
[EventDate "2018.??.??"]
[WhiteTeam "SG Reil-Kinheim"]
[BlackTeam "SC Bergen-Enkheim"]

1. e4 e5 2. Nf3 Nc6 3. Bb5 Nf6 4. d3 Ne7 5. Nc3 Ng6 6. Be3 c6 7. Ba4 Be7 8. d4
exd4 9. Bxd4 O-O 10. Bb3 Nf4 11. O-O d6 12. Be3 Ng6 13. Qd3 Bg4 14. Bg5 Nd7 15.
Bxe7 Qxe7 16. Qe3 Nc5 17. Rfe1 Qf6 18. h3 Bxf3 19. Qxf3 Qxf3 20. gxf3 Nh4 21.
Re3 Rae8 22. Rd1 Nxb3 23. axb3 Re6 24. Ne2 g5 25. Ng3 Rd8 26. c4 c5 27. Rd5 Re5
28. Rd1 Kg7 29. Kf1 Kg6 30. Red3 Re6 31. Ne2 f6 32. Nc3 a6 33. Nd5 f5 34. Nc3
Kf7 35. exf5 Nxf5 36. Ne4 h6 37. Nxc5 Re7 38. Ne4 Re6 39. Nc5 1/2-1/2

[Event "Sparkassen-Open A"]
[Site "Heusenstamm, Martinsee"]
[Date "2018.11.24"]
[Round "5.118"]
[White "Pham, Phuong-Bao"]
[Black "RÃ¼ll, Michael"]
[Result "1-0"]
[WhiteElo "1812"]
[BlackElo "1723"]
[PlyCount "45"]
[EventDate "2018.??.??"]
[WhiteTeam "Frankfurter TV"]
[BlackTeam "SC Obertshausen"]

1. e4 c5 2. Nf3 Nc6 3. Bb5 g6 4. Nc3 Bg7 5. O-O Nf6 6. e5 Ng4 7. Bxc6 bxc6 8.
Re1 d6 9. exd6 Qxd6 10. Qe2 a5 11. d3 Ba6 12. h3 Nf6 13. Bg5 e6 14. Bxf6 Bxf6
15. Ne4 Qe7 16. Nxf6+ Qxf6 17. Qe5 Qxe5 18. Rxe5 Rb8 19. b3 a4 20. Rxc5 axb3
21. axb3 Rb6 22. Rca5 Bb7 23. Ra8+ 1-0

[Event "Sparkassen-Open A"]
[Site "Heusenstamm, Martinsee"]
[Date "2018.11.24"]
[Round "5.119"]
[White "Worzelberger, Armin"]
[Black "Zeitz, Joachim"]
[Result "1/2-1/2"]
[WhiteElo "1744"]
[BlackElo "1753"]
[PlyCount "95"]
[EventDate "2018.??.??"]
[WhiteTeam "SC Brett vorm Kopp"]
[BlackTeam "SC GEMA St.Ingbert"]

1. Nf3 Nf6 2. c4 e6 3. d4 d5 4. Nc3 Be7 5. h3 a6 6. Bf4 O-O 7. e3 b6 8. Bd3
dxc4 9. Bxc4 Bb7 10. O-O c5 11. Re1 Nc6 12. dxc5 Bxc5 13. Na4 Bb4 14. Re2 b5
15. a3 Ba5 16. Nc5 Qc8 17. Ba2 Rd8 18. Qc2 Bc7 19. Rc1 Bxf4 20. exf4 Na5 21.
Ng5 Bd5 22. Bb1 h6 23. b4 Nc4 24. Nge4 Nxe4 25. Nxe4 f5 26. Nc5 Nxa3 27. Qb2
Nc4 28. Qc3 a5 29. Bxf5 exf5 30. Re7 Bf7 31. Ne6 Qxe6 32. Rxe6 Bxe6 33. bxa5
Rxa5 34. Qb4 Rda8 35. Kh2 Kf7 36. Rb1 Na3 37. Rb2 Ra4 38. Qd6 R8a7 39. Re2 R4a6
40. Qb8 Nb1 41. Rxe6 Kxe6 42. Qe5+ Kf7 43. Qxf5+ Rf6 44. Qd5+ Kg6 45. Qxb5 Na3
46. Qd3+ Kf7 47. Qd5+ Kg6 48. Qd3+ 1/2-1/2

[Event "Sparkassen-Open A"]
[Site "Heusenstamm, Martinsee"]
[Date "2018.11.25"]
[Round "6.1"]
[White "Pap, Misa"]
[Black "Nikolov, Momchil"]
[Result "1/2-1/2"]
[WhiteElo "2473"]
[BlackElo "2560"]
[PlyCount "104"]
[EventDate "2018.??.??"]
[WhiteTeam "SF Augsburg"]
[BlackTeam "vereinslos"]

1. e4 e5 2. Nf3 Nc6 3. Bb5 a6 4. Ba4 Nf6 5. O-O Be7 6. Re1 b5 7. Bb3 d6 8. c3
O-O 9. d4 Bg4 10. d5 Na5 11. Bc2 c6 12. h3 Bc8 13. dxc6 Qc7 14. Nbd2 Qxc6 15.
Nf1 Nc4 16. a4 Bd7 17. b3 Na5 18. axb5 axb5 19. Bd2 Rfc8 20. Ne3 Nb7 21. Rxa8
Rxa8 22. b4 Nd8 23. Qb1 Ne6 24. Nd5 Bd8 25. Bb3 Nc7 26. Ng5 Be8 27. Nxf6+ Bxf6
28. Qd3 Ra3 29. Rb1 Be7 30. Bc1 Ra6 31. c4 h6 32. Nf3 Qb7 33. Be3 bxc4 34. Bxc4
Nb5 35. Bd5 Bc6 36. Bxc6 Rxc6 37. Rc1 Rxc1+ 38. Bxc1 Qc6 39. Bb2 Bg5 40. g3 Bc1
41. Bxc1 Qxc1+ 42. Kg2 Qc6 43. Nd2 f5 44. f3 fxe4 45. fxe4 Kh7 46. h4 Qc1 47.
Qxb5 Qxd2+ 48. Kf3 Qd1+ 49. Kf2 Qd2+ 50. Kf3 Qc3+ 51. Kg2 Qc2+ 52. Kf3 Qc3+
1/2-1/2

[Event "Sparkassen-Open A"]
[Site "Heusenstamm, Martinsee"]
[Date "2018.11.25"]
[Round "6.4"]
[White "Baskin, Robert"]
[Black "Sadzikowski, Daniel"]
[Result "1/2-1/2"]
[WhiteElo "2354"]
[BlackElo "2544"]
[PlyCount "39"]
[EventDate "2018.??.??"]
[WhiteTeam "SV Griesheim"]
[BlackTeam "SC Heusenstamm"]

1. c4 g6 2. Nf3 Bg7 3. d4 Nf6 4. Nc3 O-O 5. e4 d6 6. Be2 e5 7. O-O Nc6 8. Be3
Ng4 9. Bg5 f6 10. Bh4 g5 11. Bg3 f5 12. exf5 exd4 13. Nb5 Nh6 14. f6 Bxf6 15.
Nfxd4 Nxd4 16. Nxd4 Qe7 17. c5 Qg7 18. Nb5 a6 19. Nc3 dxc5 20. Qd5+ 1/2-1/2

[Event "Sparkassen-Open A"]
[Site "Heusenstamm, Martinsee"]
[Date "2018.11.25"]
[Round "6.6"]
[White "Paszewski, Mateusz"]
[Black "Milov, Leonid"]
[Result "1/2-1/2"]
[WhiteElo "2355"]
[BlackElo "2481"]
[PlyCount "115"]
[EventDate "2018.??.??"]
[WhiteTeam "vereinslos"]
[BlackTeam "SC Noris-Tarrasch NÃ¼rnberg"]

1. e4 c5 2. Nf3 e6 3. d4 cxd4 4. Nxd4 Nc6 5. Nc3 Qc7 6. Be3 a6 7. Qf3 Nf6 8.
O-O-O Rb8 9. Be2 Bb4 10. Nxc6 bxc6 11. Bd4 Bd6 12. Bc4 Rb4 13. Qe2 Be5 14. Bxe5
Qxe5 15. g3 g5 16. a3 Rb8 17. Rhe1 O-O 18. Bxa6 Bxa6 19. Qxa6 g4 20. Qd3 d5 21.
exd5 Qg5+ 22. Qe3 Qxe3+ 23. Rxe3 cxd5 24. Rd4 Kg7 25. a4 Rfe8 26. Re5 Rec8 27.
Re2 Rc5 28. Nb5 Ne4 29. b3 f5 30. Kb2 Kf6 31. c3 Rc6 32. b4 h5 33. Rd3 h4 34.
Nd4 Rc4 35. Nb3 Rc7 36. Rde3 h3 37. a5 e5 38. Nd2 Nxd2 39. Rxd2 d4 40. cxd4
Rxb4+ 41. Rb3 Rxd4 42. Rb6+ Kg5 43. Rxd4 exd4 44. Rd6 Rc5 45. a6 Ra5 46. Kb3 f4
47. Kb4 fxg3 48. fxg3 Ra2 49. Rd5+ Kf6 50. Rxd4 Rxa6 51. Rxg4 Ra2 52. Rh4 Rxh2
53. Kb3 Kg5 54. Ka3 Rh1 55. Kb2 h2 56. Ka2 Kg6 57. Kb2 Kg5 58. Ka2 1/2-1/2

[Event "Sparkassen-Open A"]
[Site "Heusenstamm, Martinsee"]
[Date "2018.11.25"]
[Round "6.9"]
[White "Klundt, Klaus"]
[Black "Andreev, Eduard"]
[Result "1/2-1/2"]
[WhiteElo "2313"]
[BlackElo "2425"]
[PlyCount "41"]
[EventDate "2018.??.??"]
[WhiteTeam "SC Heusenstamm"]
[BlackTeam "SC Siegburg"]

1. e4 c5 2. Nf3 Nc6 3. d4 cxd4 4. Nxd4 g6 5. c4 Bg7 6. Be3 Nf6 7. Nc3 d6 8. Be2
O-O 9. O-O Bd7 10. h3 Nxd4 11. Bxd4 Bc6 12. Qc2 a5 13. Rad1 Nd7 14. Bxg7 Kxg7
15. Bg4 Ne5 16. c5 Nxg4 17. hxg4 Qc8 18. cxd6 Qxg4 19. dxe7 Rfe8 20. Nd5 Bxd5
21. Rxd5 1/2-1/2

[Event "Sparkassen-Open A"]
[Site "Heusenstamm, Martinsee"]
[Date "2018.11.25"]
[Round "6.11"]
[White "Bomans, Arno"]
[Black "Geske, Julian"]
[Result "1/2-1/2"]
[WhiteElo "2262"]
[BlackElo "2382"]
[PlyCount "28"]
[EventDate "2018.??.??"]
[WhiteTeam "Gambiet Opwijk"]
[BlackTeam "Wiesbadener SV"]

1. d4 Nf6 2. Bg5 e6 3. e4 h6 4. Bxf6 Qxf6 5. c3 d6 6. Bd3 e5 7. Ne2 g6 8. O-O
Bg7 9. Nd2 O-O 10. f4 Qe7 11. f5 exd4 12. fxg6 Nc6 13. gxf7+ Rxf7 14. Qb3 Ne5
1/2-1/2

[Event "Sparkassen-Open A"]
[Site "Heusenstamm, Martinsee"]
[Date "2018.11.25"]
[Round "6.12"]
[White "Hacker, Jonas"]
[Black "Boos, Markus"]
[Result "1-0"]
[WhiteElo "2350"]
[BlackElo "2166"]
[PlyCount "109"]
[EventDate "2018.??.??"]
[WhiteTeam "SC Eppingen"]
[BlackTeam "Elberfelder SG"]

1. e4 c5 2. Nf3 Nc6 3. d4 cxd4 4. Nxd4 Nf6 5. Nc3 e5 6. Ndb5 d6 7. Bg5 a6 8.
Na3 b5 9. Bxf6 gxf6 10. Nd5 Bg7 11. Bd3 Ne7 12. Nxe7 Qxe7 13. c4 f5 14. O-O O-O
15. Qh5 Rb8 16. exf5 e4 17. Rae1 Bb7 18. Qg4 bxc4 19. Bxe4 Bxe4 20. Rxe4 Qf6
21. Rxc4 Rxb2 22. Rc6 Qd4 23. Qg3 Qe5 24. Rxd6 Qxg3 25. hxg3 Rc8 26. Rfd1 Bc3
27. Rc1 Rc7 28. Rxa6 Rxa2 29. Nb5 Rxa6 30. Nxc7 Ra3 31. Nb5 Ra1 32. Rxa1 Bxa1
33. Nd6 Kg7 34. Ne4 Bd4 35. g4 Be5 36. f3 Bd4+ 37. Kf1 Be5 38. Ke2 Bd4 39. Kd3
Be5 40. Kc4 Bb2 41. Kd5 Ba3 42. Kc6 Bb4 43. Kd7 Ba3 44. Ke8 h6 45. Ng3 Bb2 46.
Nh5+ Kg8 47. Kd7 Bd4 48. Kd6 Kf8 49. Kd5 Bc3 50. f6 Ke8 51. Ke4 Kd7 52. Kf5 Kd6
53. Ng3 Be5 54. Ne4+ Kd5 55. g5 1-0

[Event "Sparkassen-Open A"]
[Site "Heusenstamm, Martinsee"]
[Date "2018.11.25"]
[Round "6.13"]
[White "Farmani Anosheh, Yasha"]
[Black "Khaetsky, Roman"]
[Result "1-0"]
[WhiteElo "2127"]
[BlackElo "2347"]
[PlyCount "93"]
[EventDate "2018.??.??"]
[WhiteTeam "SK Ladenburg"]
[BlackTeam "Gambit Kiev"]

1. e4 e5 2. Nf3 Nc6 3. Nc3 g6 4. d4 exd4 5. Nxd4 Bg7 6. Be3 Nge7 7. Qd2 O-O 8.
O-O-O d6 9. h4 h5 10. f3 Ne5 11. Bh6 a6 12. Be2 b5 13. Bxg7 Kxg7 14. f4 Ng4 15.
f5 Nf6 16. fxg6 fxg6 17. Bf3 Bd7 18. Qg5 b4 19. Nce2 c5 20. Nf5+ Nxf5 21. exf5
Bxf5 22. Bxa8 Qxa8 23. Ng3 Ne4 24. Nxe4 Qxe4 25. Qd2 a5 26. Rde1 Qc4 27. b3 Qc3
28. Qxc3+ bxc3 29. Re3 Bg4 30. Rxc3 Rf2 31. g3 Kf6 32. Re1 Bf5 33. Rd1 Ke6 34.
Re3+ Kd7 35. Rd2 Rf1+ 36. Kb2 Kc6 37. c4 a4 38. bxa4 Rb1+ 39. Ka3 Rc1 40. a5
Rxc4 41. Rb3 Kc7 42. a6 Be4 43. a7 Bc6 44. Kb2 d5 45. Rc2 Ra4 46. Rxc5 Kd6 47.
Rxc6+ 1-0

[Event "Sparkassen-Open A"]
[Site "Heusenstamm, Martinsee"]
[Date "2018.11.25"]
[Round "6.14"]
[White "Gutman, Lev"]
[Black "Schulze, Lara"]
[Result "1-0"]
[WhiteElo "2434"]
[BlackElo "2167"]
[PlyCount "107"]
[EventDate "2018.??.??"]
[WhiteTeam "SV Lingen"]
[BlackTeam "SK Lehrte"]

1. Nf3 Nf6 2. g3 b5 3. Bg2 Bb7 4. O-O e6 5. c3 c5 6. d4 Be7 7. Na3 a6 8. Nc2
O-O 9. a4 d6 10. axb5 axb5 11. Rxa8 Bxa8 12. Na3 b4 13. cxb4 cxb4 14. Nc2 Bxf3
15. Bxf3 d5 16. Qd3 Qb6 17. Be3 Rc8 18. Ra1 Nc6 19. Qa6 Qxa6 20. Rxa6 Nb8 21.
Ra8 Nfd7 22. Ne1 Nb6 23. Ra7 Nc6 24. Rb7 Nc4 25. Nd3 Kf8 26. Bh5 g6 27. Bg4 Ra8
28. Bh6+ Ke8 29. e3 N6a5 30. Rb5 Nd6 31. Rxb4 Nf5 32. Ra4 Nxh6 33. Be2 Ra7 34.
Ne5 f6 35. Bb5+ Kd8 36. Rxa5 Rxa5 37. Nc6+ Kc7 38. Nxa5 Kb6 39. Nc6 Kxb5 40.
Nxe7 Kb4 41. Nc6+ Kb3 42. Nd8 e5 43. Ne6 Kxb2 44. Nc7 exd4 45. exd4 Nf5 46.
Nxd5 Nxd4 47. Nxf6 h5 48. h4 Nf5 49. Kg2 Kc3 50. Kf3 Kd4 51. Kf4 Ne7 52. Nd7
Kd5 53. Nf8 Kd6 54. Kg5 1-0

[Event "Sparkassen-Open A"]
[Site "Heusenstamm, Martinsee"]
[Date "2018.11.25"]
[Round "6.15"]
[White "Hahn, Florian"]
[Black "Krastev, Alexander"]
[Result "1-0"]
[WhiteElo "2148"]
[BlackElo "2342"]
[PlyCount "59"]
[EventDate "2018.??.??"]
[WhiteTeam "SC Herborn"]
[BlackTeam "Biebertaler SF"]

1. Nf3 c5 2. c4 g6 3. g3 Bg7 4. Bg2 Nc6 5. Nc3 d6 6. O-O Nh6 7. d4 cxd4 8. Bxh6
Bxh6 9. Nxd4 Bd7 10. c5 dxc5 11. Nxc6 Bxc6 12. Bxc6+ bxc6 13. Qa4 O-O 14. Qxc6
Qb6 15. Nd5 Qxb2 16. Nxe7+ Kh8 17. Qxc5 Bg7 18. e3 Qxa1 19. Rxa1 Bxa1 20. h4
Rfd8 21. h5 Bf6 22. hxg6 hxg6 23. Nd5 Bg7 24. Qc4 Rd7 25. Ne7 Rxe7 26. Qh4+ Kg8
27. Qxe7 a5 28. Qb7 Rd8 29. Kg2 a4 30. Qa7 1-0

[Event "Sparkassen-Open A"]
[Site "Heusenstamm, Martinsee"]
[Date "2018.11.25"]
[Round "6.16"]
[White "Euler, Gerd"]
[Black "Henrich, David"]
[Result "0-1"]
[WhiteElo "2297"]
[BlackElo "2141"]
[PlyCount "168"]
[EventDate "2018.??.??"]
[WhiteTeam "SSG Hungen-Lich"]
[BlackTeam "Frankfurter TV"]

1. e4 d6 2. d4 Nf6 3. Nc3 Nbd7 4. Nf3 e5 5. g4 Nxg4 6. Rg1 exd4 7. Bg5 Be7 8.
Bxe7 Qxe7 9. Nd5 Qxe4+ 10. Qe2 Qxe2+ 11. Bxe2 Kd8 12. Rxg4 c6 13. Nf4 g6 14.
Nxd4 Re8 15. O-O-O Nb6 16. Rg3 Re4 17. Rf3 Bg4 18. Rg3 Bc8 19. Rf3 Bg4 20. Ng2
Bxf3 21. Bxf3 Re5 22. Ne3 Kc7 23. Ng4 Re7 24. b3 Nd7 25. Bg2 Rae8 26. Kd2 Re4
27. Bxe4 Rxe4 28. Nxc6 bxc6 29. Ne3 Ne5 30. Rh1 Rh4 31. Nf1 Rf4 32. Ke2 g5 33.
c4 Nf3 34. Ne3 Nd4+ 35. Kd3 Ne6 36. Ke2 Nd4+ 37. Kd3 Ne6 38. Ke2 Rh4 39. f3
Nd4+ 40. Kf2 Rf4 41. Kg2 Nxf3 42. Rd1 Nh4+ 43. Kg1 h5 44. b4 Nf3+ 45. Kg2 Ne5
46. Rc1 Re4 47. Rc3 Ng4 48. Nf5 Rf4 49. Ng7 Nf6 50. Re3 Kd7 51. Ra3 Ke7 52. Ra5
d5 53. h4 gxh4 54. cxd5 cxd5 55. Rxa7+ Kf8 56. b5 Kxg7 57. b6 Rb4 58. b7 Nd7
59. a4 Nc5 60. a5 Nxb7 61. Ra8 Ra4 62. a6 Nc5 63. a7 Ne6 64. Kh3 Nc7 65. Rd8
Rxa7 66. Kxh4 Kf6 67. Rd6+ Ke5 68. Rd7 f5 69. Kxh5 d4 70. Kh4 Ke4 71. Kg3 Ra3+
72. Kf2 Nd5 73. Rd8 Ra2+ 74. Kg3 f4+ 75. Kg4 Rg2+ 76. Kh4 Nf6 77. Kh3 Rg8 78.
Rd6 Kf3 79. Kh2 Ng4+ 80. Kg1 Nf2+ 81. Kf1 Ra8 82. Ra6 Rxa6 83. Kg1 Ra1+ 84. Kh2
Rh1# 0-1

[Event "Sparkassen-Open A"]
[Site "Heusenstamm, Martinsee"]
[Date "2018.11.25"]
[Round "6.17"]
[White "Alber, Horst"]
[Black "Thomas, Ingo"]
[Result "1-0"]
[WhiteElo "2287"]
[BlackElo "2130"]
[PlyCount "79"]
[EventDate "2018.??.??"]
[WhiteTeam "SK Marburg"]
[BlackTeam "Krefelder SK Turm"]

1. d4 d5 2. c4 c6 3. cxd5 cxd5 4. Nc3 Nf6 5. Bf4 Nc6 6. e3 Bf5 7. Bb5 e6 8. Qa4
Qb6 9. Nf3 Nd7 10. O-O Be7 11. Rfc1 O-O 12. Qb3 Rfc8 13. Na4 Qd8 14. Nc5 Na5
15. Qa4 Nxc5 16. dxc5 a6 17. Bf1 b5 18. cxb6 Qxb6 19. Rxc8+ Rxc8 20. Qd7 Qd8
21. Qxd8+ Bxd8 22. Nd4 Bf6 23. Nxf5 exf5 24. Rd1 g5 25. Bg3 Nc4 26. Rxd5 Nxb2
27. Rxf5 Kg7 28. Be5 Bxe5 29. Rxe5 f6 30. Re7+ Kg8 31. Ra7 Rc1 32. Rxa6 Ra1 33.
g4 Kg7 34. Ra7+ Kg6 35. Kg2 h5 36. h3 hxg4 37. hxg4 Kh6 38. Be2 Re1 39. Bf3 f5
40. Ra6+ 1-0

[Event "Sparkassen-Open A"]
[Site "Heusenstamm, Martinsee"]
[Date "2018.11.25"]
[Round "6.18"]
[White "Hesse, Henrik"]
[Black "Engel, Berthold"]
[Result "0-1"]
[WhiteElo "2272"]
[BlackElo "2129"]
[PlyCount "112"]
[EventDate "2018.??.??"]
[WhiteTeam "SV Mattnetz Berlin"]
[BlackTeam "BG Buchen"]

1. c4 e5 2. g3 c6 3. Nf3 Qc7 4. Nc3 Bb4 5. Qb3 Na6 6. a3 Be7 7. Bg2 d6 8. d3
Nf6 9. Bd2 O-O 10. O-O Nc5 11. Qc2 Bg4 12. b4 Ne6 13. e3 h6 14. b5 Bf5 15. bxc6
bxc6 16. Rfb1 Nc5 17. e4 Bg4 18. h3 Be6 19. Na4 Nfd7 20. d4 exd4 21. Nxd4 Bf6
22. Nxc5 Bxd4 23. Nxd7 Qxd7 24. Bc3 Bxc3 25. Qxc3 Bxh3 26. Bxh3 Qxh3 27. Rb7
Rae8 28. Qf3 Qe6 29. c5 Re7 30. Rab1 dxc5 31. Qc3 Qxe4 32. Qxc5 Re5 33. Qb4
Qxb4 34. R1xb4 Ra5 35. a4 Rc8 36. Rf4 Rf8 37. Rc7 c5 38. Kf1 g5 39. Re4 Kg7 40.
Ke2 Kg6 41. Rc6+ f6 42. Kf3 h5 43. Kg2 Rf7 44. f3 Kg7 45. g4 hxg4 46. fxg4 Rd7
47. Kf3 Rd3+ 48. Kf2 Rd4 49. Rxd4 cxd4 50. Rc4 d3 51. Rd4 Kf7 52. Ke3 Ke6 53.
Re4+ Re5 54. Kxd3 Rxe4 55. Kxe4 a5 56. Kf3 Kd5 0-1

[Event "Sparkassen-Open A"]
[Site "Heusenstamm, Martinsee"]
[Date "2018.11.25"]
[Round "6.19"]
[White "Chandler, Patrick"]
[Black "Mooser, Stefan"]
[Result "1-0"]
[WhiteElo "2138"]
[BlackElo "2269"]
[PlyCount "81"]
[EventDate "2018.??.??"]
[WhiteTeam "SC Nied"]
[BlackTeam "FC Ergolding"]

1. b4 d5 2. Bb2 e6 3. e3 Nf6 4. a3 Be7 5. Nf3 O-O 6. d3 c6 7. Nbd2 a5 8. c3 b6
9. Be2 c5 10. b5 Bb7 11. Qc2 Nbd7 12. c4 Ne8 13. O-O Bf6 14. Rfd1 Rc8 15. Rac1
Nd6 16. a4 Qe7 17. Qb1 Rfd8 18. Qa1 Bxb2 19. Qxb2 Rc7 20. Re1 dxc4 21. Nxc4
Nxc4 22. Rxc4 Bd5 23. Rc2 Bxf3 24. Bxf3 Nf6 25. Rd2 Rcd7 26. Red1 e5 27. Bc6
Rd6 28. g3 g6 29. d4 cxd4 30. exd4 exd4 31. Rxd4 Ng4 32. Kg2 Ne5 33. Qa3 Nxc6
34. Rxd6 Rxd6 35. Qxd6 Qe4+ 36. Kg1 Ne5 37. Qd8+ Kg7 38. Qd5 Qe2 39. Kg2 Ng4
40. Qd4+ Kg8 41. Rd2 1-0

[Event "Sparkassen-Open A"]
[Site "Heusenstamm, Martinsee"]
[Date "2018.11.25"]
[Round "6.20"]
[White "Hagner, Bennet"]
[Black "Jansen, Dirk Norbert"]
[Result "0-1"]
[WhiteElo "1912"]
[BlackElo "2209"]
[PlyCount "114"]
[EventDate "2018.??.??"]
[WhiteTeam "Frankfurter TV"]
[BlackTeam "SV Weidenau/Geisweid"]

1. e4 e6 2. d4 d5 3. Nc3 Nf6 4. e5 Nfd7 5. Nf3 c5 6. Bg5 Qb6 7. dxc5 Bxc5 8.
Qd2 Bb4 9. a3 Qa5 10. O-O-O Bxc3 11. Qxc3 Qxc3 12. bxc3 Nc6 13. Bf4 Nb6 14. Nd4
Nxd4 15. cxd4 Bd7 16. Bd3 O-O 17. Bd2 Rfc8 18. g4 Rc7 19. Kb2 Rac8 20. Rc1 Ba4
21. Ba5 Rc6 22. Bxb6 Rxb6+ 23. Ka2 Rc3 24. f4 Bb5 25. h4 Bc4+ 26. Bxc4 dxc4 27.
Rhd1 Ra6 28. Kb2 Rcxa3 29. Rb1 Rg3 30. Rg1 Rb6+ 31. Ka2 Rxg1 32. Rxg1 Kf8 33.
Rd1 Rb5 34. f5 Ke7 35. fxe6 fxe6 36. g5 c3 37. Ka3 Rb2 38. Rc1 g6 39. h5 Kd7
40. Rf1 Rxc2 41. Rf7+ Kc6 42. hxg6 hxg6 43. Re7 Kd5 44. Rd7+ Ke4 45. d5 Kxe5
46. dxe6 Kxe6 47. Rxb7 Kf5 48. Rxa7 Kxg5 49. Kb3 Rc1 50. Ra4 Kh5 51. Ra2 g5 52.
Rh2+ Kg4 53. Kc4 Kg3 54. Rh8 g4 55. Kd3 Kg2 56. Ke3 g3 57. Rg8 Rf1 0-1

[Event "Sparkassen-Open A"]
[Site "Heusenstamm, Martinsee"]
[Date "2018.11.25"]
[Round "6.21"]
[White "SchrÃ¶der, JÃ¼rgen"]
[Black "Henrich, Thomas"]
[Result "0-1"]
[WhiteElo "2102"]
[BlackElo "2207"]
[PlyCount "114"]
[EventDate "2018.??.??"]
[WhiteTeam "SC Matt im Park"]
[BlackTeam "SK Marburg"]

1. e4 c5 2. Be2 Nc6 3. d3 d6 4. f4 g6 5. Nf3 Bg7 6. O-O Nf6 7. c3 O-O 8. Qe1
Bg4 9. Nbd2 Nd7 10. h3 Bxf3 11. Nxf3 e6 12. Be3 Qe7 13. d4 d5 14. e5 Rab8 15.
Qf2 c4 16. b3 b5 17. a4 Na5 18. b4 Nb3 19. Ra2 a5 20. bxa5 b4 21. Qe1 bxc3 22.
Qxc3 Ra8 23. Bc1 Rfb8 24. Ba3 Qd8 25. Nd2 Bf8 26. Bxf8 Kxf8 27. Nf3 Qxa5 28.
Qe3 Qb6 29. g4 Ke8 30. Kh1 Nf8 31. Bd1 Ra7 32. Bc2 Rba8 33. Rb2 Rxa4 34. Bxb3
cxb3 35. Rxb3 Qa6 36. Rfb1 Ra1 37. Qc3 Rxb1+ 38. Rxb1 Nd7 39. Rb2 Qf1+ 40. Kh2
Kf8 41. Kg3 Kg7 42. Rf2 Qa6 43. Qb4 h6 44. Qe7 Nf8 45. h4 Qa3 46. Qf6+ Kg8 47.
h5 Nh7 48. Qh4 g5 49. fxg5 Nxg5 50. Kg2 Ne4 51. Re2 Qd3 52. Qe1 Ra3 53. Qf1 Ra1
54. Re1 Ra2+ 55. Kg1 Qc2 56. Rc1 Qb3 57. Re1 Ng5 0-1

[Event "Sparkassen-Open A"]
[Site "Heusenstamm, Martinsee"]
[Date "2018.11.25"]
[Round "6.22"]
[White "Haag, Martin"]
[Black "Hinrichs, Paul"]
[Result "1-0"]
[WhiteElo "2186"]
[BlackElo "1907"]
[PlyCount "67"]
[EventDate "2018.??.??"]
[WhiteTeam "SC Bonn Beuel"]
[BlackTeam "SK Bingen"]

1. c4 c6 2. e4 d5 3. exd5 cxd5 4. d4 Nf6 5. Nc3 Nc6 6. Nf3 g6 7. Be2 Bg7 8. O-O
O-O 9. h3 Be6 10. c5 Ne4 11. Bf4 g5 12. Bxg5 Nxg5 13. Nxg5 Nxd4 14. Bd3 h6 15.
Bh7+ Kh8 16. Qh5 Qc7 17. Nxe6 fxe6 18. Bd3 Kg8 19. Rae1 Qxc5 20. Re3 Qd6 21.
Rg3 Nf5 22. Bxf5 Rxf5 23. Qxh6 Qxg3 24. Qxe6+ Kh8 25. Qxf5 Qd6 26. Nxd5 Rf8 27.
Qh5+ Kg8 28. Rd1 Bxb2 29. Qg5+ Kh8 30. Qh4+ Kg7 31. Qg5+ Kh8 32. Rd3 Be5 33.
Nxe7 Qf6 34. Qxe5 1-0

[Event "Sparkassen-Open A"]
[Site "Heusenstamm, Martinsee"]
[Date "2018.11.25"]
[Round "6.24"]
[White "Vakulenko, Oleksandr"]
[Black "Villwock, Martin"]
[Result "1/2-1/2"]
[WhiteElo "1999"]
[BlackElo "2182"]
[PlyCount "101"]
[EventDate "2018.??.??"]
[WhiteTeam "Gambit Kiev"]
[BlackTeam "SF Essen-Katernberg"]

1. d4 Nf6 2. c4 e6 3. Nc3 c5 4. d5 exd5 5. cxd5 d6 6. e4 g6 7. f4 Qe7 8. Bd3
Bg7 9. Nf3 O-O 10. O-O Bg4 11. h3 Bxf3 12. Qxf3 Nbd7 13. Be3 a6 14. a4 Rfc8 15.
Rae1 Rab8 16. a5 b6 17. axb6 Rxb6 18. Rf2 Rcb8 19. Bc1 Ne8 20. Rfe2 Nc7 21. Qg3
Bf6 22. e5 Bh4 23. exd6 Bxg3 24. Rxe7 Rxd6 25. Ne4 Rxd5 26. Rxd7 Rxd7 27. Nf6+
Kg7 28. Nxd7 Rd8 29. Re3 Bxf4 30. Nxc5 Ne6 31. Rxe6 Bxc1 32. Re2 Rd5 33. b4 a5
34. Bc4 Rd4 35. Bb3 Rxb4 36. Nd3 Rxb3 37. Nxc1 Rb1 38. Rc2 a4 39. Kf2 a3 40.
Nd3 Ra1 41. Ke3 h5 42. Kd2 g5 43. Kc3 Kg6 44. Kb3 f6 45. Nb4 h4 46. Na2 g4 47.
Kxa3 f5 48. Kb2 Rh1 49. hxg4 fxg4 50. Nc3 h3 51. gxh3 1/2-1/2

[Event "Sparkassen-Open A"]
[Site "Heusenstamm, Martinsee"]
[Date "2018.11.25"]
[Round "6.25"]
[White "Neukirchner, Pascal"]
[Black "Vlassis, Georgios"]
[Result "1-0"]
[WhiteElo "2305"]
[BlackElo "2053"]
[PlyCount "57"]
[EventDate "2018.??.??"]
[WhiteTeam "SK GrÃ¼ndau"]
[BlackTeam "CCS of Thessaloniki"]

1. d4 Nf6 2. c4 e6 3. g3 d5 4. Nf3 dxc4 5. Bg2 Bb4+ 6. Bd2 c5 7. Bxb4 cxb4 8.
Qc2 b5 9. a4 a5 10. axb5 Ra7 11. O-O Qb6 12. Nbd2 Qxb5 13. Nxc4 O-O 14. Rfc1 b3
15. Qd2 Ne4 16. Qf4 Bb7 17. Nfe5 f6 18. Bxe4 fxe5 19. Bxh7+ Kxh7 20. Qxf8 Qd5
21. Qf3 Qxf3 22. exf3 exd4 23. Rxa5 Rxa5 24. Nxa5 Bxf3 25. Nxb3 e5 26. Nd2 Be2
27. Rc5 Nd7 28. Rd5 Bg4 29. f4 1-0

[Event "Sparkassen-Open A"]
[Site "Heusenstamm, Martinsee"]
[Date "2018.11.25"]
[Round "6.26"]
[White "Bordin, Igor"]
[Black "Hahn, Markus"]
[Result "0-1"]
[WhiteElo "2051"]
[BlackElo "2271"]
[PlyCount "66"]
[EventDate "2018.??.??"]
[WhiteTeam "SC Fehrbach"]
[BlackTeam "SVG Caissa Kassel"]

1. e4 c5 2. Nf3 e6 3. d4 cxd4 4. Qxd4 Nc6 5. Qd3 Nf6 6. Nc3 d6 7. Be2 a6 8. O-O
Be7 9. Rd1 h6 10. Be3 b5 11. a3 Bb7 12. h3 Rc8 13. Qd2 Qc7 14. Nd4 Nxd4 15.
Qxd4 O-O 16. Rd2 Rfd8 17. f3 d5 18. exd5 Nxd5 19. Nxd5 Rxd5 20. Qg4 Bc5 21. Bd4
Rxd4 22. Rxd4 e5 23. c3 exd4 24. cxd4 Be7 25. Rd1 Rd8 26. Bd3 Qd6 27. Rd2 Qxd4+
28. Kf1 Qxg4 29. hxg4 Kf8 30. Kf2 Bf6 31. b3 Bd5 32. a4 Bxb3 33. axb5 Bc3 0-1

[Event "Sparkassen-Open A"]
[Site "Heusenstamm, Martinsee"]
[Date "2018.11.25"]
[Round "6.27"]
[White "Donchenko, Anatoly"]
[Black "Bethke, Robert"]
[Result "1-0"]
[WhiteElo "2269"]
[BlackElo "2036"]
[PlyCount "63"]
[EventDate "2018.??.??"]
[WhiteTeam "SK GieÃŸen"]
[BlackTeam "SF Neuberg"]

1. d4 d5 2. c4 e6 3. Nf3 Nf6 4. g3 Be7 5. Bg2 c6 6. Nbd2 Ne4 7. O-O O-O 8. Qc2
f5 9. Ne5 Nd7 10. Ndf3 Qe8 11. Nxd7 Bxd7 12. Ne5 Bc8 13. f3 Nd6 14. c5 Nf7 15.
Nxf7 Rxf7 16. Bf4 Bf6 17. Qc3 b5 18. Bd6 a5 19. e4 b4 20. Qd2 fxe4 21. fxe4 Qd8
22. h4 g6 23. e5 Bg7 24. Rxf7 Kxf7 25. Rf1+ Kg8 26. Bh3 Ra7 27. Qf4 a4 28. Bg4
Qe8 29. Qg5 h5 30. Bxh5 gxh5 31. Rf8+ Qxf8 32. Bxf8 1-0

[Event "Sparkassen-Open A"]
[Site "Heusenstamm, Martinsee"]
[Date "2018.11.25"]
[Round "6.28"]
[White "Huschens, Matthias"]
[Black "Heimrath, Reiner"]
[Result "1-0"]
[WhiteElo "1989"]
[BlackElo "2262"]
[PlyCount "129"]
[EventDate "2018.??.??"]
[WhiteTeam "SG Kaiserslautern"]
[BlackTeam "SC Noris-Tarrasch NÃ¼rnberg"]

1. d4 Nf6 2. Bf4 d6 3. e3 Nfd7 4. Nf3 Nc6 5. Bc4 Nb6 6. Be2 g6 7. c3 Bg7 8. h3
O-O 9. O-O e5 10. Bh2 e4 11. Nfd2 f5 12. Qb3+ Kh8 13. a4 a5 14. Na3 Qe7 15. Nb5
Be6 16. Qa3 Rad8 17. Rac1 Rd7 18. Rfd1 Bg8 19. c4 Nb4 20. c5 N6d5 21. cxd6 cxd6
22. Nc4 f4 23. Nxa5 f3 24. gxf3 Bh6 25. Nc4 Be6 26. Nbxd6 Nd3 27. Nxe4 Nxc1 28.
Rxc1 Qh4 29. Bg3 Qxh3 30. Ne5 Rdd8 31. Bf1 Qh5 32. Bg2 Rc8 33. Rxc8 Rxc8 34.
Kf1 Bf8 35. Qa1 Bh3 36. Nc3 Nb4 37. Bxh3 Qxh3+ 38. Ke2 Qe6 39. Qd1 Qa6+ 40. Ke1
h6 41. Qb3 Kh7 42. Nd7 Nd3+ 43. Kd2 Bg7 44. Nb6 Rc6 45. Nbd5 Bf8 46. Bh4 g5 47.
Bxg5 Nxf2 48. Qc2+ Kg8 49. Bh4 Qf1 50. Nf4 Bb4 51. Qb3+ Rc4 52. Bxf2 Kh8 53.
Nfe2 Bxc3+ 54. bxc3 Rc7 55. Bg3 Re7 56. Be5+ Kh7 57. Qc2+ Kg8 58. Qg6+ Kf8 59.
Bd6 Qxf3 60. Qxh6+ Ke8 61. Bxe7 Kxe7 62. Qg5+ Kd7 63. c4 Kc8 64. Qg8+ Kc7 65.
Qg3+ 1-0